Transport Planning and Traffic Engineering (Record no. 782)
[ view plain ]
| 000 -LEADER | |
|---|---|
| Fixed length control field | 00464nam a2200169 4500 |
| 003 - CONTROL NUMBER IDENTIFIER | |
| Control field | SEACOMMC |
| 005 - DATE AND TIME OF LATEST TRANSACTION | |
| Control field | 20250425124306.0 |
| 008 - FIXED-LENGTH DATA ELEMENTS--GENERAL INFORMATION | |
| Fixed length control field | 241122b |||||||| |||| 00| 0 eng d |
| 020 ## - INTERNATIONAL STANDARD BOOK NUMBER / ISBN | |
| International Standard Book Number | 978-81-3120-278-4 |
| Price | Rs.395.00 |
| 040 ## - CATALOGING SOURCE | |
| Original cataloging agency | SEACOMMC |
| 082 ## - DEWEY DECIMAL CLASSIFICATION NUMBER | |
| Classification number | 388 |
| Book Number | O 33 |
| 100 ## - MAIN ENTRY--PERSONAL NAME | |
| Personal name | O'Flaherty, C. A |
| 245 1# - TITLE STATEMENT | |
| Title | Transport Planning and Traffic Engineering |
| Statement of responsibility | C. A. O'Flaherty |
| 260 ## - IMPRINT | |
| Place of publication | New Delhi |
| Name of publisher | Elsevier |
| Date of publication | 2006. |
| 650 ## - SUBJECT ADDED ENTRY--TOPICAL TERM | |
| Topical term | Transport Planning |
| 942 ## - ADDED ENTRY ELEMENTS (KOHA) | |
| Koha item type | Books |
| Withdrawn status | Lost status | Source of classification | Damaged status | Not for loan | Home library | Current library | Date acquired | Total Checkouts | Call number | Accession number | Date last seen | Price effective from | Koha item type |
|---|---|---|---|---|---|---|---|---|---|---|---|---|---|
| Dewey Decimal Classification | SEACOM MANAGEMENT COLLEGE | SEACOM MANAGEMENT COLLEGE | 16/11/2007 | 388 O 33 | M-954 | 22/11/2024 | 22/11/2024 | Books |
